Nom de pays en Allemand - Statistiques

Statistiques générales
  • Ce quiz a été pris 66 fois
  • Le résultat moyen est 20 sur 24
Statistiques - réponses
Allemand Français % Correct
Niederlande Pays-Bas
98%
Südafrika Afrique du Sud
97%
Frankreich France
97%
Deutschland Allemagne
95%
Kolumbien Colombie
95%
Ägypten Égypte
95%
Kenia Kenya
95%
Litauen Lituanie
95%
Türkei Turquie
95%
Polen Pologne
94%
Schweden Suède
94%
Jemen Yémen
92%
Kambodscha Cambodge
90%
Schweiz Suisse
90%
Tadschikistan Tadjikistan
90%
Österreich Autriche
89%
Fidschi Fidji
87%
Vereinigte Staaten États-Unis
78%
Vereinigtes Königreich Royaume-Uni
71%
Tschechien République Tchèque
62%
Ungarn Hongrie
54%
Neuseeland Nouvelle-Zélande
54%
Griechenland Grèce
52%
Elfenbeinküste Côte d'Ivoire
27%
Aucun quiz correspondant
Distribution des résultats
% des personnes avec chaque résultat
Percentile par nombre de réponses
Votre historique - résultats
Vous n’avez pas pris ce quiz